000 00397nam a22001697a 4500
003 OSt
005 20260323102620.0
008 260323b |||||||| |||| 00| 0 eng d
020 _a9789369896097
040 _cBGL
100 _aAmish
245 _aThe Chola Tigers : Avengers Of Somnath
260 _aHaryana
_bHarper Collins
_c2025
300 _a448p
650 _aEnglish
942 _2ddc
_cGB
999 _c44325
_d44325